Perpektívy spracovania nepravých periodík v Univerzitnej knižnici v Bratislave

Bibliographic Details
Main Author: Gešková, Želmíra, 1941- (Author)
Format: Article
Language:Slovak
Subjects:

MARC

LEADER 00000nab a2200000 a 4500
001 vtls000335357
003 SK-MaSNL
005 20260304032732.0
008 150420c1988 xo 0 slo
015 |a SNBRA19rr/mm-uuuuu 
035 |a CL0335479 
040 |a SNKBUCL  |b slo  |c SNKBUCL  |e AACR2 
041 0 |a slo 
044 |a xo  |c SK 
080 |a 027.54(437.6)  |2 1981 
080 |a 015  |2 1981 
080 |a 05(437.6)  |2 1981 
080 |a 05  |2 1981 
100 1 |a Gešková, Želmíra,  |d 1941-  |4 aut  |9 19468 
245 1 0 |a Perpektívy spracovania nepravých periodík v Univerzitnej knižnici v Bratislave  |c Želmíra Gešková 
610 2 7 |a Univerzitná knižnica v Bratislave  |2 snkbucl  |9 192279 
650 0 7 |a periodiká nepravé  |2 snkbucl  |9 947462 
655 7 |a články zo zborníkov  |2 snkbucl  |9 166140 
655 7 |a články z odboru knihovníctvo  |2 snkbucl  |9 166141 
773 0 |t Bibliografický zborník 1988  |d Martin : Matica slovenská, 1988 
850 |a Slovenská národná knižnica v Martine  |a MTA001 
852 |a SNK  |b KIS3GCP 
957 |a 5100 
958 |a RK 
958 |a KL 
992 |a RZB 
999 |c 2644713  |d 2646643